Statistics for 1950s Formula One Grand Prix Winners

Click here to take the quiz!

General Stats

  • This quiz has been taken 37 times
  • The average score is 67 of 87

Answer Stats

HintAnswer% Correct
1952 BelgianAlberto Ascari
100%
1952 BritishAlberto Ascari
100%
1952 GermanAlberto Ascari
100%
1952 DutchAlberto Ascari
100%
1952 ItalianAlberto Ascari
100%
1953 ArgentineAlberto Ascari
100%
1951 ItalianAlberto Ascari
100%
1951 GermanAlberto Ascari
100%
1953 DutchAlberto Ascari
100%
1953 BelgianAlberto Ascari
100%
1953 BritishAlberto Ascari
100%
1953 SwissAlberto Ascari
100%
1952 FrenchAlberto Ascari
100%
1950 MonacoJuan Manuel Fangio
100%
1955 BelgianJuan Manuel Fangio
100%
1955 ArgentineJuan Manuel Fangio
100%
1953 ItalianJuan Manuel Fangio
100%
1954 ItalianJuan Manuel Fangio
100%
1954 SwissJuan Manuel Fangio
100%
1954 BelgianJuan Manuel Fangio
100%
1954 ArgentineJuan Manuel Fangio
100%
1954 GermanJuan Manuel Fangio
100%
1955 DutchJuan Manuel Fangio
100%
1955 ItalianJuan Manuel Fangio
100%
1951 SpanishJuan Manuel Fangio
100%
1956 ArgentineJuan Manuel Fangio
100%
1956 BritishJuan Manuel Fangio
100%
1951 FrenchJuan Manuel Fangio
100%
1956 GermanJuan Manuel Fangio
100%
1957 ArgentineJuan Manuel Fangio
100%
1951 SwissJuan Manuel Fangio
100%
1957 MonacoJuan Manuel Fangio
100%
1950 FrenchJuan Manuel Fangio
100%
1950 BelgianJuan Manuel Fangio
100%
1957 FrenchJuan Manuel Fangio
100%
1957 GermanJuan Manuel Fangio
100%
1954 FrenchJuan Manuel Fangio
100%
1950 BritishGiuseppe Farina
93%
1951 BelgianGiuseppe Farina
93%
1953 GermanGiuseppe Farina
93%
1950 SwissGiuseppe Farina
93%
1950 ItalianGiuseppe Farina
93%
1954 SpanishMike Hawthorn
86%
1953 FrenchMike Hawthorn
86%
1958 FrenchMike Hawthorn
86%
1957 PescaraStirling Moss
86%
1959 ItalianStirling Moss
86%
1957 BritishStirling Moss
86%
1958 ArgentineStirling Moss
86%
1959 PortugueseStirling Moss
86%
1956 ItalianStirling Moss
86%
1958 DutchStirling Moss
86%
1958 PortugueseStirling Moss
86%
1956 MonacoStirling Moss
86%
1955 BritishStirling Moss
86%
1958 MoroccanStirling Moss
86%
1957 ItalianStirling Moss
86%
1959 BritishJack Brabham
71%
1959 MonacoJack Brabham
71%
1951 FrenchLuigi Fagioli
64%
1956 BelgianPeter Collins
64%
1956 FrenchPeter Collins
64%
1958 BritishPeter Collins
64%
1951 BritishJosé Froilán González
50%
1954 BritishJosé Froilán González
50%
1958 MonacoMaurice Trintignant
50%
1955 MonacoMaurice Trintignant
50%
1959 United StatesBruce McLaren
43%
1958 GermanTony Brooks
43%
1959 GermanTony Brooks
43%
1959 FrenchTony Brooks
43%
1958 ItalianTony Brooks
43%
1957 BritishTony Brooks
43%
1958 BelgianTony Brooks
43%
1954 Indianapolis 500Bill Vukovich
36%
1953 Indianapolis 500Bill Vukovich
36%
1952 SwissPiero Taruffi
36%
1959 Indianapolis 500Rodger Ward
36%
1958 Indianapolis 500Jimmy Bryan
29%
1951 Indianapolis 500Lee Wallard
29%
1956 Indianapolis 500Pat Flaherty
29%
1957 Indianapolis 500Sam Hanks
29%
1952 Indianapolis 500Troy Ruttman
29%
1955 Indianapolis 500Bob Sweikert
21%
1950 Indianapolis 500Johnnie Parsons
21%
1956 ArgentineLuigi Musso
21%
1959 DutchJo Bonnier
7%

Score Distribution

Percentile by Number Answered

Percent of People with Each Score

Your Score History

You have not taken this quiz